000 00662nam a2200217 i 4500
001 bg
100 1 _aSZEKELY, Julian
_d(1934- )
245 4 _aThe mathematical and physical modeling of primary metals processing operations /
_cJ. Szekely, James W. Evans, J.K. Brimacombe.
260 _aNew York :
_bJohn Wiley,
_c1988.
650 9 _aMetalurgia
650 9 _aModele matematyczne
_xstosowanie
700 1 _aEVANS, James W.
_d(1943- )
700 1 _aBRIMACOMBE, J. K.
_d(1943- )
020 _a0471837202
040 _cBPK
041 _apol
080 _a669:622:519.8
920 _a0-471-83720-2
942 _cKS
008 s pl f |000 0 pol
999 _c28777
_d28777
856 _uhttp://koha.tu.koszalin.pl/cgi-bin/koha/opac-detail.pl?biblionumber=28777
_yKatalog online BPK